[Event "Yeaaaah - it's a Ballroom Blitz!!! :-) (no.3)"]
[Site "SchemingMind.com"]
[Date "2013.12.14"]
[Round "-"]
[White "Scooter"]
[Black "Sully7"]
[Result "0-1"]
[WhiteCountry "USA"]
[BlackCountry "IRL"]
[WhiteElo "1727"]
[WhiteRD "49"]
[BlackElo "1837"]
[BlackRD "76"]
[GameID "343741"]

1. d4 d5 2. Nf3 Bf5 3. Bf4 Nc6 4. c3 e6 5. e3 Nf6 6. Bd3 Bd6 7. Bxd6 Qxd6 8. O-O O-O 9. Bxf5 exf5 10. Nbd2 Rfe8
11. c4 a5 12. c5 Qd7 13. h3 a4 14. b3 f4 15. exf4 Qf5 16. Ne5 Nxd4 17. Ndf3 Ne6 18. b4 Nxf4 19. Re1 c6 20. Nd4 Qg5
21. Ndf3 Qxg2#
0-1

[Event "Yeaaaah - it's a Ballroom Blitz!!! :-) (no.3)"]
[Site "SchemingMind.com"]
[Date "2013.12.24"]
[Round "-"]
[White "Simon Green"]
[Black "lemme howdt"]
[Result "1-0"]
[WhiteCountry "ENG"]
[BlackCountry "USA"]
[WhiteElo "1587"]
[WhiteRD "53"]
[BlackElo "1638"]
[BlackRD "71"]
[GameID "344294"]

1. d4 d5 2. e3 Nf6 3. Bd3 Nc6 4. c3 Bd7 5. f4 e6 6. Nf3 Bd6 7. O-O Qe7 8. Nbd2 a6 9. Qe1 b5 10. Ne5 O-O-O
11. Qg3 g6 12. h3 Kb7 13. b4 Rhg8 14. Nb3 Nh5 15. Qg4 f5 16. Qf3 Nf6 17. Nc5+ Bxc5 18. bxc5 Na5 19. Ba3 Nc6 20. Rfb1 Ne4
21. Bxb5 Nxc3 22. Bxc6+ Kc8 23. Qf1 Nxb1 24. Qxa6+
1-0

[Event "Yeaaaah - it's a Ballroom Blitz!!! :-) (no.3)"]
[Site "SchemingMind.com"]
[Date "2013.12.24"]
[Round "-"]
[White "lemme howdt"]
[Black "Simon Green"]
[Result "1-0"]
[WhiteCountry "USA"]
[BlackCountry "ENG"]
[WhiteElo "1638"]
[WhiteRD "71"]
[BlackElo "1587"]
[BlackRD "53"]
[GameID "344300"]

1. e4 e6 2. d4 d5 3. e5 c5 4. c3 Nc6 5. Nf3 c4 6. Be2 Be7 7. O-O f5 8. b3 b5 9. g3 a5 10. h4 Ba6
11. Nbd2 Nh6 12. Nh2 O-O 13. Ndf3 Ng4 14. Bg5 h6 15. Bxe7 Nxe7 16. bxc4 bxc4 17. Rb1 Qc7 18. Qc2 Rab8 19. Kg2 Ng6 20. Nxg4 Qf7
21. Ngh2 f4 22. g4 Bb5 23. Rb2 Rb7 24. Rfb1 Rfb8 25. h5 Nf8 26. Nh4 Bc6 27. Rxb7 Rxb7 28. Bd1 Be8 29. N2f3 Rxb1 30. Qxb1 g5
31. hxg6 Nxg6 32. Bc2 Nxh4+ 33. Nxh4 Qg7 34. Bg6 Qe7 35. Kh3 Bf7 36. f3 Kg7 37. Bxf7 Qxf7 38. Qb6 a4 39. Qb5 Qa7 40. Qe8 Qf7
41. Qxa4 h5 42. Qc2 hxg4+ 43. fxg4 f3 44. Kg3 f2 45. Qxf2
1-0

[Event "Yeaaaah - it's a Ballroom Blitz!!! :-) (no.3)"]
[Site "SchemingMind.com"]
[Date "2013.12.30"]
[Round "-"]
[White "Clive Everill"]
[Black "Holty"]
[Result "0-1"]
[WhiteCountry "CZE"]
[BlackCountry "ENG"]
[WhiteElo "1702"]
[WhiteRD "52"]
[BlackElo "1681"]
[BlackRD "59"]
[GameID "344344"]

1. e4 e6 2. d4 d5 3. Nd2 dxe4 4. Nxe4 Nd7 5. Bd3 Ngf6 6. Qe2 b6 7. Nxf6+ Nxf6 8. Nf3 Bb7 9. Bg5 Be7 10. O-O-O O-O
11. Kb1 Nd5 12. Bxe7 Qxe7 13. h4 Qb4 14. Qd2 Qd6 15. Ng5 Nf6 16. f3 Rad8 17. c3 c5 18. dxc5 Qxc5 19. Qc2 g6 20. f4 Ng4
21. Rd2 Ne3 22. Qc1 Nxg2 23. Rh2 Nxf4 24. Bc2 Qc7 25. Rxd8 Rxd8 26. Rf2 e5 27. Qf1 h6 28. Nf3 Kg7 29. Nxe5 Qxe5 30. Rxf4 f5
31. h5 Re8 32. Bd1 Be4+ 33. Kc1 g5 34. Rf2 Rd8 35. Bg4 Bd3 36. Qd1 Qe3+ 37. Qd2 Qxd2+ 38. Rxd2 fxg4 39. Rg2 Bf5 40. Re2 Kf6
41. Rg2 Rd3 42. a3 g3 43. Rg1 Bg4 44. a4 Bxh5 45. Rg2 Bg6 46. Re2 h5
0-1

[Event "Yeaaaah - it's a Ballroom Blitz!!! :-) (no.3)"]
[Site "SchemingMind.com"]
[Date "2013.12.30"]
[Round "-"]
[White "Holty"]
[Black "Clive Everill"]
[Result "1-0"]
[WhiteCountry "ENG"]
[BlackCountry "CZE"]
[WhiteElo "1681"]
[WhiteRD "59"]
[BlackElo "1702"]
[BlackRD "52"]
[GameID "344353"]

1. d4 d5 2. Nf3 c6 3. c4 dxc4 4. e4 b5 5. a4 e6 6. Be2 Bb7 7. Qc2 Nf6 8. O-O Be7 9. Nbd2 Nbd7 10. b3 cxb3
11. Nxb3 bxa4 12. Rxa4 O-O 13. Na5 Qc7 14. Bg5 h6 15. Bh4 Nb6 16. Ra2 c5 17. Nxb7 Qxb7 18. dxc5 Rfc8 19. Ba6 Qd7 20. Bxc8 Rxc8
21. Ra5 Ne8 22. Ne5 Qc7 23. Bxe7 Qxe7 24. Rd1 f6 25. Nd3 Rc7 26. Qa2 Nc8 27. Ra6 Kf7 28. f4 g6 29. f5 gxf5 30. exf5 Ng7
31. fxe6+ Nxe6 32. Re1 Qd7 33. Qxe6+ Qxe6 34. Rexe6 Rd7 35. Rxf6+ Kg8 36. Ne5 Rd5 37. Rg6+ Kh7 38. Rxh6+ Kg7 39. Rag6+ Kf8 40. Rh8+ Ke7
41. Rh7+ Kf8 42. Rf7+ Ke8 43. Rg8#
1-0

[Event "Yeaaaah - it's a Ballroom Blitz!!! :-) (no.3)"]
[Site "SchemingMind.com"]
[Date "2014.01.03"]
[Round "-"]
[White "GBEDARD"]
[Black "Sully7"]
[Result "0-1"]
[WhiteCountry "USA"]
[BlackCountry "IRL"]
[WhiteElo "2116"]
[WhiteRD "76"]
[BlackElo "1948"]
[BlackRD "70"]
[GameID "344671"]

1. e4 e5 2. Nf3 Nc6 3. Bb5 Nf6 4. O-O Bc5 5. Nxe5 Nxe5 6. d4 c6 7. dxe5 Nxe4 8. Bd3 Nxf2 9. Rxf2 Bxf2+ 10. Kxf2 Qh4+
11. Kg1 Qd4+ 12. Kh1 Qxe5 13. Nd2 d5 14. Nf3 Qe7 15. Qg1 O-O 16. Bd2 c5 17. Re1 Qd6 18. b3 Bg4 19. Ne5 Bh5 20. Bf4 Rfe8
21. Qf2 f6 22. Be2 Bxe2 23. Nd3 Qb6 24. Rxe2 c4 25. Rxe8+ Rxe8 26. Nc5 d4 27. Na4 Qb4 28. Bd2 c3 29. Bxc3 dxc3 30. h3 b6
31. Kg1 h5 32. g3 Qb5 33. Nxc3 Qe5 34. Na4 Rd8 35. Kh2 h4 36. Kg2 hxg3
0-1

[Event "Yeaaaah - it's a Ballroom Blitz!!! :-) (no.3)"]
[Site "SchemingMind.com"]
[Date "2014.01.03"]
[Round "-"]
[White "Sully7"]
[Black "GBEDARD"]
[Result "1-0"]
[WhiteCountry "IRL"]
[BlackCountry "USA"]
[WhiteElo "1948"]
[WhiteRD "70"]
[BlackElo "2116"]
[BlackRD "76"]
[GameID "344676"]

1. d4 Nf6 2. c4 e6 3. Nc3 c5 4. d5 exd5 5. cxd5 d6 6. e4 g6 7. Nf3 Bg7 8. Bd3 O-O 9. O-O a6 10. Bf4 b5
11. Re1 Re8 12. Qd2 b4 13. Na4 Bg4 14. e5 Nh5 15. Ng5 dxe5 16. Be3 Nf4 17. Bxf4 exf4 18. Qxf4 f6 19. Qxg4 fxg5 20. Nxc5 Bxb2
21. Rxe8+ Qxe8 22. Rd1 Be5 23. Re1 b3 24. axb3 Bxh2+ 25. Kxh2 Qxe1 26. Qc8+ Kf7 27. Qh8 Qb4 28. Qxh7+ Kf6 29. Qxg6+ Ke5 30. Qxg5+ Kd6
31. Qf6+ Kxd5 32. Qe6+ Kd4 33. Qd6+ Kc3 34. Be4 Qb5 35. Qe5+ Kb4 36. Qd4+ Ka3 37. b4
1-0

[Event "Yeaaaah - it's a Ballroom Blitz!!! :-) (no.3)"]
[Site "SchemingMind.com"]
[Date "2014.01.07"]
[Round "-"]
[White "Erik Johnson"]
[Black "michel"]
[Result "0-1"]
[WhiteCountry "USA"]
[BlackCountry "CAN"]
[WhiteElo "1576"]
[WhiteRD "67"]
[BlackElo "2197"]
[BlackRD "56"]
[GameID "345021"]

1. e4 e5 2. Nf3 Nc6 3. Bb5 f5 4. Nc3 Bb4 5. a3 Bxc3 6. bxc3 fxe4 7. Bxc6 dxc6 8. Nxe5 Qg5 9. Nxc6 bxc6 10. d4 Qxg2
11. Qh5+ g6 12. Qe5+ Kd7 13. Rf1 Ba6
0-1

[Event "Yeaaaah - it's a Ballroom Blitz!!! :-) (no.3)"]
[Site "SchemingMind.com"]
[Date "2014.01.07"]
[Round "-"]
[White "michel"]
[Black "Erik Johnson"]
[Result "1-0"]
[WhiteCountry "CAN"]
[BlackCountry "USA"]
[WhiteElo "2197"]
[WhiteRD "56"]
[BlackElo "1576"]
[BlackRD "67"]
[GameID "345022"]

1. e4 d5 2. exd5 Qxd5 3. Nc3 Qa5 4. d4 c6 5. Nf3 Bg4 6. h3 Bh5 7. g4 Bg6 8. Ne5 Nf6 9. h4 h6 10. Nxg6 fxg6
11. Bd3 Nd5 12. Bxg6+ Kd8 13. Bd2 Qc7 14. Qf3 Nf6 15. O-O-O Nbd7 16. Bf4 Qa5 17. d5 cxd5 18. Nxd5 Qxa2 19. Nxf6 gxf6 20. Rxd7+ Kxd7
21. Qxb7+ Ke6 22. Qc6#
1-0

[Event "Yeaaaah - it's a Ballroom Blitz!!! :-) (no.3)"]
[Site "SchemingMind.com"]
[Date "2014.01.21"]
[Round "-"]
[White "white bishop"]
[Black "APB"]
[Result "1-0"]
[WhiteCountry "PHI"]
[BlackCountry "ENG"]
[WhiteElo "2256"]
[WhiteRD "80"]
[BlackElo "1707"]
[BlackRD "69"]
[GameID "345692"]

1. d4 Nf6 2. c4 g6 3. Nc3 Bg7 4. e4 O-O 5. f3 d6 6. Be3 a6 7. Nge2 c6 8. c5 b5 9. cxd6 exd6 10. Nf4 b4
11. Nce2 a5 12. Ng3 a4 13. Bd3 a3 14. b3 g5 15. Nfe2 Qa5 16. Qd2 Bd7 17. Bxg5 Be6 18. e5 dxe5 19. Bxf6 Bxf6 20. Nh5 Bh4+
21. Nhg3 f5 22. O-O f4 23. Ne4 Nd7 24. Rad1 Qb6 25. Kh1 Ra5 26. h3 exd4 27. Nxf4 c5 28. Nxe6 Rf5 29. Qh6 Rf7 30. Qxh4 Ra8
31. Bc4
1-0

[Event "Yeaaaah - it's a Ballroom Blitz!!! :-) (no.3)"]
[Site "SchemingMind.com"]
[Date "2014.01.21"]
[Round "-"]
[White "APB"]
[Black "white bishop"]
[Result "0-1"]
[WhiteCountry "ENG"]
[BlackCountry "PHI"]
[WhiteElo "1707"]
[WhiteRD "69"]
[BlackElo "2256"]
[BlackRD "80"]
[GameID "345699"]

1. b4 e5 2. Bb2 Bxb4 3. Bxe5 Nf6 4. Nf3 O-O 5. e3 Re8 6. Be2 d5 7. O-O c5 8. a3 Ba5 9. Nc3 d4 10. exd4 Nc6
11. Bb5 cxd4 12. Bxc6 bxc6 13. Bxd4 Bg4 14. Bc5 Bxf3 15. Qxf3 Qxd2 16. Bb4 Bxb4 17. axb4 Qxc2 18. Qxc6 h6 19. b5 Rac8 20. Rac1 Qd2
21. Rfd1 Rxc6 22. Rxd2 Rc5 23. f3 Rec8 24. b6 axb6 25. Rdc2 b5
0-1

[Event "Yeaaaah - it's a Ballroom Blitz!!! :-) (no.3)"]
[Site "SchemingMind.com"]
[Date "2014.01.19"]
[Round "-"]
[White "Chessibelle"]
[Black "mespina"]
[Result "0-1"]
[WhiteCountry "ENG"]
[BlackCountry "ESP"]
[WhiteElo "1126"]
[WhiteRD "59"]
[BlackElo "2081"]
[BlackRD "82"]
[GameID "345904"]

1. Nf3 c5 2. Nc3 Nc6 3. e3 Nf6 4. d4 e6 5. Bd3 d5 6. b3 Be7 7. O-O O-O 8. e4 cxd4 9. Ne2 dxe4 10. Bc4 exf3
11. gxf3 Ne5 12. Bd3 Nxf3+ 13. Kg2 Qd5 14. Nf4 Nh4+ 15. Kh3 e5+ 16. Kxh4 Ne4+ 17. Kh5 exf4#
0-1

[Event "Yeaaaah - it's a Ballroom Blitz!!! :-) (no.3)"]
[Site "SchemingMind.com"]
[Date "2014.01.22"]
[Round "-"]
[White "michel"]
[Black "mespina"]
[Result "1/2-1/2"]
[WhiteCountry "CAN"]
[BlackCountry "ESP"]
[WhiteElo "2213"]
[WhiteRD "59"]
[BlackElo "2083"]
[BlackRD "82"]
[GameID "346176"]

1. e4 c5 2. Nf3 g6 3. d4 cxd4 4. Qxd4 Nf6 5. e5 Nc6 6. Qa4 Nd5 7. Qe4 e6 8. c4 f5 9. Qe2 Nb6 10. Nc3 Bb4
11. Bd2 Bxc3 12. Bxc3 Na4 13. Qc2 Nxc3 14. Qxc3 O-O 15. Rd1 Qe7 16. h4 b6 17. Be2 Bb7 18. O-O Rac8 19. Qd2 Nb8 20. Qf4 Qg7
21. Rfe1 h6 22. Rd6 g5 23. hxg5 Bxf3 24. Bxf3 hxg5 25. Qd4 g4 26. Ba8 g3 27. Qf4 gxf2+ 28. Kxf2 Qg4 29. Rd4 Qxf4+ 30. Rxf4 Rf7
31. a3 Kf8 32. Rd4 Rg7 33. Bf3 Nc6 34. Rd3 Ke7 35. b4 Nd8 36. Rd4=
1/2-1/2

[Event "Yeaaaah - it's a Ballroom Blitz!!! :-) (no.3)"]
[Site "SchemingMind.com"]
[Date "2014.01.22"]
[Round "-"]
[White "mespina"]
[Black "michel"]
[Result "0-1"]
[WhiteCountry "ESP"]
[BlackCountry "CAN"]
[WhiteElo "2081"]
[WhiteRD "82"]
[BlackElo "2197"]
[BlackRD "56"]
[GameID "346177"]

1. e4 e5 2. Nf3 Nc6 3. Bc4 Nf6 4. Ng5 d5 5. exd5 Na5 6. Bb5+ c6 7. dxc6 bxc6 8. Qf3 Be7 9. Bxc6+ Nxc6 10. Qxc6+ Bd7
11. Qf3 O-O 12. Nc3 Rc8 13. O-O Ng4 14. h3 Bxg5 15. hxg4 Rc4 16. d3 Rxg4 17. Bxg5 Rxg5 18. Rfe1 Re8 19. Ne4 Rg6 20. Qe3 f5
21. Nc3 f4 22. Qe4 Bc6 23. Qc4+ Kh8
0-1

[Event "Yeaaaah - it's a Ballroom Blitz!!! :-) (no.3)"]
[Site "SchemingMind.com"]
[Date "2014.01.23"]
[Round "-"]
[White "Holty"]
[Black "Sully7"]
[Result "0-1"]
[WhiteCountry "ENG"]
[BlackCountry "IRL"]
[WhiteElo "1681"]
[WhiteRD "59"]
[BlackElo "1948"]
[BlackRD "70"]
[GameID "346319"]

1. d4 d5 2. Nf3 Nf6 3. e3 Bf5 4. c4 e6 5. Nc3 Nc6 6. cxd5 exd5 7. Bb5 Bb4 8. Qa4 O-O 9. O-O a5 10. Bxc6 bxc6
11. Qxc6 Bd7 12. Qb7 Rb8 13. Qa6 Bxc3 14. bxc3 Bb5 15. Qxa5 Bxf1 16. Kxf1 Ne4 17. Ne5 Qh4 18. Ke2 Rb2+
0-1

[Event "Yeaaaah - it's a Ballroom Blitz!!! :-) (no.3)"]
[Site "SchemingMind.com"]
[Date "2014.01.23"]
[Round "-"]
[White "Sully7"]
[Black "Holty"]
[Result "1-0"]
[WhiteCountry "IRL"]
[BlackCountry "ENG"]
[WhiteElo "1948"]
[WhiteRD "70"]
[BlackElo "1681"]
[BlackRD "59"]
[GameID "346320"]

1. e4 e6 2. Nf3 d5 3. exd5 exd5 4. d4 Nf6 5. Bb5+ Bd7 6. Nc3 a6 7. Bxd7+ Nbxd7 8. O-O Be7 9. Re1 O-O 10. Bf4 Re8
11. Re3 c6 12. Qd3 Nf8 13. Rae1 Ng6 14. Bg5 Qc7 15. Bxf6 gxf6 16. Qf5 Rad8 17. h4 Qf4 18. Qxf4 Nxf4 19. Rxe7 Ne6 20. Rxb7 Kh8
21. Rxf7 Nf8 22. Rxf6 Rxe1+ 23. Nxe1 Rc8 24. Rd6 a5 25. h5
1-0

[Event "Yeaaaah - it's a Ballroom Blitz!!! :-) (no.3)"]
[Site "SchemingMind.com"]
[Date "2014.02.06"]
[Round "-"]
[White "MazetaFighter"]
[Black "NYNH"]
[Result "0-1"]
[WhiteCountry "GRE"]
[BlackCountry "USA"]
[WhiteElo "2007"]
[WhiteRD "72"]
[BlackElo "1993"]
[BlackRD "71"]
[GameID "347397"]

1. e4 c5 2. Nf3 d6 3. d4 cxd4 4. Nxd4 Nf6 5. Nc3 g6 6. Be3 Bg7 7. f3 Nc6 8. Qd2 Bd7 9. O-O-O h5 10. Kb1 Rc8
11. h3 Ne5 12. Be2 O-O 13. f4 Nc4 14. f5 Nxd2+
0-1

[Event "Yeaaaah - it's a Ballroom Blitz!!! :-) (no.3)"]
[Site "SchemingMind.com"]
[Date "2014.02.06"]
[Round "-"]
[White "NYNH"]
[Black "MazetaFighter"]
[Result "1/2-1/2"]
[WhiteCountry "USA"]
[BlackCountry "GRE"]
[WhiteElo "1940"]
[WhiteRD "70"]
[BlackElo "2003"]
[BlackRD "77"]
[GameID "347398"]

1. d4 Nf6 2. c4 e6 3. g3 d5 4. Nf3 dxc4 5. Bg2 Nc6 6. Qa4 Bb4+ 7. Bd2 Nd5 8. Bxb4 Nxb4 9. O-O Rb8 10. Na3 O-O
11. Qb5 b6 12. Qxc4 Ba6 13. Nb5 Qd5 14. Qxd5 Nxd5 15. a4 Na5 16. Ne5 Bxb5 17. axb5 Rfd8 18. e3 Rbc8 19. Rfb1 c5 20. bxc6 f6=
1/2-1/2

[Event "Yeaaaah - it's a Ballroom Blitz!!! :-) (no.3)"]
[Site "SchemingMind.com"]
[Date "2014.02.08"]
[Round "-"]
[White "szn1"]
[Black "mmccaffe"]
[Result "1/2-1/2"]
[WhiteCountry "NED"]
[BlackCountry "USA"]
[WhiteElo "1918"]
[WhiteRD "97"]
[BlackElo "1666"]
[BlackRD "60"]
[GameID "347501"]

1. e4 c5 2. Nf3 d6 3. Bb5+ Bd7 4. Bxd7+ Qxd7 5. c4 Nc6 6. Nc3 Nf6 7. d4 cxd4 8. Nxd4 e6 9. O-O Be7 10. Be3 O-O
11. Qe2 a6 12. f3 Rac8 13. Rac1 Nxd4 14. Bxd4 Qc7 15. b3 Nd7 16. Rfd1 Rfd8 17. Qe1 Bf6 18. Ne2 Bxd4+ 19. Nxd4 Nf6 20. Kh1 Qb6
21. Ne2 h6 22. Ng3 a5 23. Qg1 Qxg1+= 24. Kxg1 a4 25. b4 d5 26. cxd5=
1/2-1/2

[Event "Yeaaaah - it's a Ballroom Blitz!!! :-) (no.3)"]
[Site "SchemingMind.com"]
[Date "2014.02.08"]
[Round "-"]
[White "mmccaffe"]
[Black "szn1"]
[Result "0-1"]
[WhiteCountry "USA"]
[BlackCountry "NED"]
[WhiteElo "1666"]
[WhiteRD "60"]
[BlackElo "1918"]
[BlackRD "97"]
[GameID "347502"]

1. e4 c5 2. Nf3 g6 3. d3 Bg7 4. Nc3 Nc6 5. g3 d6 6. Bg2 Nf6 7. O-O O-O 8. Nh4 e5 9. f4 exf4 10. Bxf4 h6
11. Be3 Ng4 12. Bd2 Bd4+ 13. Kh1 Nf2+ 14. Rxf2 Bxf2 15. Bxh6 Re8 16. Qf3 Bd4 17. Rf1 Be6 18. Ne2 Bg7 19. Nf4 Bxa2 20. b3 Ne5
21. Qd1 Bxh6 22. Qa1 Bxf4 23. Rxf4 g5
0-1

[Event "Yeaaaah - it's a Ballroom Blitz!!! :-) (no.3)"]
[Site "SchemingMind.com"]
[Date "2014.02.27"]
[Round "-"]
[White "Simon Green"]
[Black "white bishop"]
[Result "0-1"]
[WhiteCountry "ENG"]
[BlackCountry "PHI"]
[WhiteElo "1602"]
[WhiteRD "54"]
[BlackElo "2217"]
[BlackRD "83"]
[GameID "348450"]

1. d4 Nf6 2. e3 d5 3. Bd3 c5 4. c3 e6 5. f4 Nc6 6. Nf3 Bd6 7. O-O O-O 8. Qe1 Ne4 9. Nbd2 f5 10. Ne5 cxd4
11. Nxc6 bxc6 12. exd4 Qb6 13. Nxe4 fxe4 14. Be2 c5 15. Qd2 Rf7 16. g3 cxd4 17. cxd4 e5 18. fxe5 Bxe5 19. Rxf7 Kxf7 20. Kg2 Bf6
21. h4 Bxd4
0-1

[Event "Yeaaaah - it's a Ballroom Blitz!!! :-) (no.3)"]
[Site "SchemingMind.com"]
[Date "2014.02.27"]
[Round "-"]
[White "white bishop"]
[Black "Simon Green"]
[Result "1-0"]
[WhiteCountry "PHI"]
[BlackCountry "ENG"]
[WhiteElo "2217"]
[WhiteRD "83"]
[BlackElo "1602"]
[BlackRD "54"]
[GameID "348451"]

1. Nf3 e6 2. c4 d5 3. e3 Nf6 4. b3 Be7 5. Bb2 O-O 6. Be2 c6 7. O-O Nbd7 8. d3 Qc7 9. d4 Ne4 10. Qc2 Nb6
11. Bd3 Nd7 12. Nc3 f5 13. cxd5 cxd5 14. Nxd5 Qxc2 15. Nxe7+ Kf7 16. Bxc2 Kxe7 17. Ba3+ Nd6 18. e4 fxe4 19. Nd2
1-0

[Event "Yeaaaah - it's a Ballroom Blitz!!! :-) (no.3)"]
[Site "SchemingMind.com"]
[Date "2014.03.07"]
[Round "-"]
[White "szn1"]
[Black "NYNH"]
[Result "1-0"]
[WhiteCountry "NED"]
[BlackCountry "USA"]
[WhiteElo "1918"]
[WhiteRD "97"]
[BlackElo "1940"]
[BlackRD "70"]
[GameID "349104"]

1. e4 c5 2. Nf3 d6 3. Bb5+ Nc6 4. O-O Bd7 5. Re1 Nf6 6. c3 a6 7. Bf1 Bg4 8. h3 Bxf3 9. Qxf3 g6 10. d3 Bg7
11. Be3 Nd7 12. Nd2 O-O 13. Qd1 b5 14. Nf3
1-0

[Event "Yeaaaah - it's a Ballroom Blitz!!! :-) (no.3)"]
[Site "SchemingMind.com"]
[Date "2014.03.07"]
[Round "-"]
[White "NYNH"]
[Black "szn1"]
[Result "1/2-1/2"]
[WhiteCountry "USA"]
[BlackCountry "NED"]
[WhiteElo "1992"]
[WhiteRD "70"]
[BlackElo "1920"]
[BlackRD "99"]
[GameID "349105"]

1. d4 Nf6 2. c4 e5 3. dxe5 Ng4 4. Bf4 g5 5. Bg3 Bg7 6. Nf3 Nc6 7. h4 Ncxe5 8. Nxe5 Nxe5 9. Nc3 g4 10. h5 h6
11. e3 d6 12. Bh4 Bf6 13. Bxf6 Qxf6 14. Nd5 Qd8 15. Qd4 c6 16. Nf4 Qa5+ 17. Kd1 Bf5 18. Be2 O-O-O 19. a3 c5 20. Qd2 Qa4+
21. Ke1 Qb3 22. Nd5 Be4 23. Qd1 Qxd1+ 24. Rxd1 Bxg2 25. Rh4 Nf3+ 26. Bxf3 Bxf3 27. Rd2 Bxd5 28. Rxd5 Rhg8 29. Rf5 g3 30. fxg3 Rxg3
31. Kf2 Rdg8 32. Rxf7 Rg2+ 33. Kf3 Rxb2 34. Rf6 Rh8 35. Rxd6 Rb3 36. Rd5 b6 37. Rf4 Re8 38. Re4 Rxe4 39. Kxe4 Rxa3 40. Rd6 Rc3
41. Rxh6 Rxc4+ 42. Kd5 Rh4 43. Kc6 Kd8 44. Rh8+ Ke7 45. Rh7+ Ke6 46. Rxa7 Rxh5 47. Kxb6 Re5 48. Kc6 Rxe3=
1/2-1/2

[Event "Yeaaaah - it's a Ballroom Blitz!!! :-) (no.3)"]
[Site "SchemingMind.com"]
[Date "2014.03.31"]
[Round "-"]
[White "michel"]
[Black "white bishop"]
[Result "1/2-1/2"]
[WhiteCountry "CAN"]
[BlackCountry "PHI"]
[WhiteElo "2211"]
[WhiteRD "60"]
[BlackElo "2230"]
[BlackRD "88"]
[GameID "351904"]

1. e4 c5 2. Nf3 e6 3. d3 Nc6 4. Nbd2 d5 5. g3 Bd6 6. Bg2 Nge7 7. O-O O-O 8. Re1 f6 9. exd5 exd5 10. d4 c4
11. Nf1 Bg4 12. c3 b5 13. Ne3 Bh5 14. b3 Rb8 15. Qd2 b4 16. Bb2 bxc3 17. Bxc3 cxb3 18. axb3 Qd7 19. Nh4 Rxb3 20. Nxd5 Bf7
21. Nxe7+ Nxe7 22. Be4 Rc8 23. Ba5 Qb5 24. Rab1 g6 25. Nf3= Kg7 26. Rxb3 Bxb3 27. Rb1 Rb8 28. Qe1 Qd7 29. Nd2 Bf7 30. Bg2 Nf5
31. Bc3 Rxb1 32. Qxb1 a5 33. d5 Be7 34. Bxa5 Bxd5 35. Qd3 Bc6 36. Qxd7 Bxd7 37. Bb6 g5 38. Bd5 Bb4 39. Nb3 Ne7 40. Bc4 Bc6
41. Nd4 Be4 42. f3 Bd5 43. Bd3 h5 44. Kf2 Kf7 45. Nc2 Bd6 46. Ne3 Be6 47. Nc4 Bb4 48. Ne3 Bd7 49. Nc2 Bd6=
1/2-1/2

[Event "Yeaaaah - it's a Ballroom Blitz!!! :-) (no.3)"]
[Site "SchemingMind.com"]
[Date "2014.03.31"]
[Round "-"]
[White "white bishop"]
[Black "michel"]
[Result "1-0"]
[WhiteCountry "PHI"]
[BlackCountry "CAN"]
[WhiteElo "2230"]
[WhiteRD "88"]
[BlackElo "2211"]
[BlackRD "60"]
[GameID "351905"]

1. b3 e5 2. Bb2 Nc6 3. e4 Bc5 4. Nf3 d6 5. Bc4 Nf6 6. Nc3 a6 7. h3 O-O 8. O-O Nd4 9. Nd5 c6 10. Nxf6+ Qxf6
11. Nxd4 exd4 12. Bd3 Qf4 13. a4 a5 14. g3 Qh6 15. h4 f5 16. exf5 Bxf5 17. Bxf5 Rxf5 18. Qe2 Raf8 19. Qc4+ Rd5 20. Rae1 Qxd2
21. Re7 Qb4 22. Rd1 Rf5 23. Qxb4 axb4 24. Kf1 h6 25. f4 Rf7 26. Re8+ Kh7 27. Ke2 Bb6 28. Re1 Rdf5= 29. Kd3 g5 30. hxg5 hxg5
31. Bc1 R5f6 32. Ra8 Bc5 33. Rh1+ Kg6 34. Rg8+ Rg7 35. fxg5 Rf3+ 36. Ke4 Rxg8 37. Kxf3 Rf8+ 38. Bf4 Kg7 39. Re1 Kf7 40. Re4 d5
41. Re2 Kg8 42. Kg4 Rf7 43. Re8+
1-0

[Event "Yeaaaah - it's a Ballroom Blitz!!! :-) (no.3)"]
[Site "SchemingMind.com"]
[Date "2014.04.25"]
[Round "-"]
[White "Sully7"]
[Black "szn1"]
[Result "1-0"]
[WhiteCountry "IRL"]
[BlackCountry "NED"]
[WhiteElo "2163"]
[WhiteRD "61"]
[BlackElo "1890"]
[BlackRD "95"]
[GameID "357365"]

1. Nf3 c5 2. b3 d6 3. Bb2 e5 4. e4 Nf6 5. Bb5+ Nbd7 6. Qe2 a6 7. Bd3 Be7 8. a4 O-O 9. O-O b6 10. Nh4 g6
11. Nc3 Bb7 12. g3 d5 13. exd5 Nxd5 14. Nxd5 Bxd5 15. Nf3 Bxf3 16. Qxf3 Qc7 17. Rfe1 Bd6 18. Bc4 Kg7 19. Re3 f5 20. Rae1 Rae8
21. Bxa6 Nf6 22. d3 Ng4 23. R3e2 h5 24. h3 Nf6 25. Bb5 Re7 26. Qc6 Qxc6 27. Bxc6
1-0

[Event "Yeaaaah - it's a Ballroom Blitz!!! :-) (no.3)"]
[Site "SchemingMind.com"]
[Date "2014.05.20"]
[Round "-"]
[White "Sully7"]
[Black "white bishop"]
[Result "1-0"]
[WhiteCountry "IRL"]
[BlackCountry "PHI"]
[WhiteElo "2212"]
[WhiteRD "69"]
[BlackElo "2207"]
[BlackRD "81"]
[GameID "358383"]

1. e4 d6 2. d4 Nf6 3. Nc3 g6 4. Be3 a6 5. Nf3 Bg7 6. Bd3 O-O 7. O-O Nbd7 8. h3 e5 9. dxe5 Nxe5 10. Nxe5 dxe5
11. Qf3 Be6 12. Rad1 Qe7 13. b3 b5 14. Bg5 c6 15. Qe3 Rfb8 16. Ne2 Rb7 17. Ng3 a5 18. Be2 Qb4 19. Rd2 Rd7 20. Rfd1 Rxd2
21. Rxd2 Nd7 22. Bg4 Nc5 23. Be7 Bf8 24. Bxf8 Rxf8 25. c3 Qa3 26. Bf5 Bc8 27. Qg5 Bxf5 28. exf5 Qc1+ 29. Kh2 Qxc3 30. Rd6 e4
31. Qe7 Qg7 32. Rxc6 Nd3 33. f6 Qh6 34. Nxe4 Nb4 35. Rd6 Rb8 36. a3 Na2 37. Rd7 Qf8 38. Qe5 h6 39. Nd6 Rd8 40. Re7
1-0

[Event "Yeaaaah - it's a Ballroom Blitz!!! :-) (no.3)"]
[Site "SchemingMind.com"]
[Date "2014.05.20"]
[Round "-"]
[White "white bishop"]
[Black "Sully7"]
[Result "0-1"]
[WhiteCountry "PHI"]
[BlackCountry "IRL"]
[WhiteElo "2207"]
[WhiteRD "81"]
[BlackElo "2212"]
[BlackRD "69"]
[GameID "358384"]

1. Nf3 Nf6 2. g3 c5 3. Bg2 d5 4. O-O g6 5. c4 Bg7 6. cxd5 Nxd5 7. Qb3 O-O 8. Nc3 e6 9. Qc2 Re8 10. d3 Nc6
11. Bg5 Qd7 12. a3 b6 13. Rac1 Bb7 14. Qa4 Nxc3 15. bxc3 h6 16. Bf4 e5 17. Be3 Rad8 18. Rfd1 Ne7 19. Qxd7 Rxd7 20. Nd2 Bxg2
21. Kxg2 Nd5 22. Nf1 f5 23. Bd2 Red8 24. Ne3 Nxe3+ 25. Bxe3 c4 26. d4 exd4 27. cxd4 b5 28. Rc2 a6 29. f3 g5 30. Bg1 Bxd4
31. Rcd2 c3 32. Rxd4 c2 33. Rc1 Rxd4 34. Bxd4 Rxd4 35. Rxc2 Ra4 36. Rc3 Kf7 37. h3 Ke6 38. g4 f4 39. Rc6+ Kd5 40. Rxh6 Rxa3
41. Rg6 b4 42. Rxg5+ Kc4 43. Rg6 b3 44. Rc6+ Kb5 45. Rc1 b2 46. Rb1 Rb3 47. h4 Kb4 48. g5 Kc3 49. g6 Rb8 50. h5 Rb5
51. e3 Rxh5 52. exf4 Rh8 53. Rxb2 Kxb2 54. Kg3 a5 55. f5 Rg8 56. Kf4 a4 57. Kg5 a3
0-1